Ultragarsas. Uľtrazvuk 1969. 2

Na minha lista:
Detalhes bibliográficos
Formato: Livro
Idioma:russo
Publicado em: Viľnus : Mintis, 1969
Assuntos:
Tags: Adicionar Tag
Sem tags, seja o primeiro a adicionar uma tag!

MARC

LEADER 00000nam a22000003a 4500
001 stu43764
005 20141122040516.2
008 941212s1969----xxr-----------------rus-d
040 |a STU  |b slo 
041 0 |a rus 
044 |a xxr 
080 |a 534.321.9  |7 stu_us_auth*stu6416 
245 |a Ultragarsas. Uľtrazvuk 1969. 2 
260 |a Viľnus :  |b Mintis,  |c 1969 
300 |a 169 s 
650 7 |a ultrazvuk  |2 stusub 
996 |b 284M003846  |c M*4189/2-1  |l MMKN  |s A  |a 24  |w stu43764_0001